[Event "SVK-chT1W 2324"]
[White "Marusic, Martin"]
[Black "Sevcik, Peter"]
[Site "Slovakia"]
[Round "3.8"]
[Result "1-0"]
[Date "2023.11.25"]
[WhiteElo "1764"]
[BlackElo "1610"]
[PlyCount "135"]
[EventDate "2023.10.21"]
[EventType "team-tourn"]
[EventRounds "11"]
[EventCountry "SVK"]
[SourceTitle "EXT 2025"]
[Source "ChessBase"]
[SourceDate "2024.10.14"]
[SourceVersion "1"]
[SourceVersionDate "2024.10.14"]
[SourceQuality "1"]
[WhiteTeam "Bratislava Lokomotiva"]
[BlackTeam "Levice II"]
[WhiteTeamCountry "SVK"]
[BlackTeamCountry "SVK"]

1. e4 d6 2. d4 Nd7 3. Nf3 g6 4. Nc3 Bg7 5. Bc4 e6 6. 0-0 Ne7 7. Bg5 h6 8. Be3 a6 9. a4 Nb6 10. Bb3 Bd7 11. a5 Nbc8 12. Qd2 Na7 13. Rfe1 g5 14. h3 Ng6 15. Ne2 Qe7 16. c4 Nc6 17. Rac1 0-0 18. d5 Nce5 19. Nxe5 Nxe5 20. f4 gxf4 21. Bxf4 Qh4 22. Qe3 Ng6 23. Bg3 Qf6 24. Rc2 exd5 25. cxd5 c5 26. dxc6 Bxc6 27. Bd5 Bxd5 28. exd5 Qd8 29. b4 Qd7 30. Rec1 Rfe8 31. Qb6 Ne5 32. Rc7 Qf5 33. Nd4 Qd3 34. Bf2 Ng6 35. R7c3 Qe4 36. Rf3 Qxd5 37. Nf5 Re6 38. Nxg7 Kxg7 39. Rc7 Rf8 40. Qxb7 Qd1+ 41. Kh2 Rf6 42. Rxf6 Kxf6 43. Qb6 Qd5 44. Qd4+ Qe5+ 45. Qxe5+ Kxe5 46. Rc6 d5 47. Bg3+ Ke4 48. Rxa6 d4 49. Rd6 Rb8 50. Rxd4+ Kxd4 51. Bxb8 Kd5 52. a6 Kc6 53. a7 Kb7 54. Kg3 h5 55. b5 h4+ 56. Kg4 Ka8 57. b6 Kb7 58. Bd6 Ka8 59. Kg5 Nh8 60. Kf6 Kb7 61. Kg7 f5 62. Kxh8 Ka8 63. Kg7 Kb7 64. Kg6 f4 65. Bxf4 Ka8 66. g4 hxg3 67. Bxg3 Kb7 68. h4 1-0

[Event "SVK-chT1W 1617"]
[White "Marusic, Martin"]
[Black "Maurer, Filip"]
[Site "Slovakia"]
[Round "10.8"]
[Result "1/2-1/2"]
[Date "2017.03.18"]
[WhiteElo "1625"]
[BlackElo "1617"]
[PlyCount "54"]
[EventDate "2016.10.15"]
[EventType "team-tourn"]
[EventRounds "11"]
[EventCountry "SVK"]
[SourceTitle "EXT 2019"]
[Source "ChessBase"]
[SourceDate "2018.10.10"]
[SourceVersion "1"]
[SourceVersionDate "2018.10.10"]
[SourceQuality "1"]
[WhiteTeam "Bratislava Lokomotiva"]
[BlackTeam "Prievidza"]
[WhiteTeamCountry "SVK"]
[BlackTeamCountry "SVK"]

1. c4 e5 2. Nc3 Nc6 3. g3 f5 4. Bg2 Nf6 5. d3 Bc5 6. e3 0-0 7. Nge2 Ne7 8. 0-0 c6 9. a3 d5 10. b4 Bb6 11. Qb3 Be6 12. Na4 Qd7 13. Bb2 Ng6 14. Rfd1 f4 15. Nxb6 axb6 16. exf4 exf4 17. Bxf6 Rxf6 18. cxd5 cxd5 19. Nd4 Bf7 20. Re1 fxg3 21. hxg3 Qg4 22. Qb2 h5 23. Re3 h4 24. Rc1 hxg3 25. Rxg3 Qf4 26. Rf3 Qe5 27. Re3 Qg5 1/2-1/2